Statistics for Four Countries on Maps #2

Click here to take the quiz!

General Stats

  • This quiz has been taken 722 times
    (109 since last reset)
  • The average score is 7 of 8

Answer Stats

Country % Correct
Netherlands
100%
Belgium
100%
Luxembourg
100%
Germany
99%
D.R. of the Congo
88%
Tanzania
84%
Rwanda
83%
Burundi
81%

Score Distribution

Percentile by Number Answered

Percent of People with Each Score

Your Score History

You have not taken this quiz since the last reset